[Event "FRA-ch U26"]
[Site "Bastia"]
[Date "2024.04.06"]
[Round "1"]
[White "Akriche Giubert, Thomas"]
[Black "Dalaud, Dorian"]
[Result "0-1"]
[WhiteElo "1776"]
[BlackElo "2307"]
[PlyCount "78"]
[EventDate "2024.04.06"]
[EventType "swiss"]
[EventRounds "9"]
[EventCountry "FRA"]
[SourceTitle "CB16_2024"]
[SourceDate "2024.04.17"]
[SourceVersion "1"]
[SourceVersionDate "2024.04.17"]
[SourceQuality "1"]

1. d4 Nf6 2. Bg5 c5 3. Bxf6 gxf6 4. d5 f5 5. Nf3 Bg7 6. c3 d6 7. a4 Nd7 8. e3 Nf6 9. Bb5+ Kf8 10. 0-0 Rg8 11. Re1 a6 12. Bc4 b6 13. Nbd2 Bb7 14. e4 b5 15. axb5 axb5 16. Rxa8 Qxa8 17. Bxb5 fxe4 18. Nxe4 Nxe4 19. Rxe4 Bxd5 20. Ra4 Qb7 21. Be2 Bf6 22. Qa1 Rg6 23. Ra7 Qc6 24. Ra6 Qd7 25. Bd3 Bxf3 26. Bxg6 Qg4 27. Ra8+ Kg7 28. Kf1 Qxg2+ 29. Ke1 Bxa8 30. Bd3 Qg1+ 31. Bf1 Bg2 32. Qa6 Qxf1+ 33. Qxf1 Bxf1 34. Kxf1 c4 35. Ke2 Bg5 36. Kf3 Bc1 37. Ke4 e6 38. Kd4 d5 39. Kc5 Bxb2 0-1

[Event "FRA-ch U26"]
[Site "Bastia"]
[Date "2024.04.06"]
[Round "5"]
[White "Gryshko, Vitalii"]
[Black "Dalaud, Dorian"]
[Result "0-1"]
[WhiteElo "2288"]
[BlackElo "2307"]
[PlyCount "80"]
[EventDate "2024.04.06"]
[EventType "swiss"]
[EventRounds "9"]
[EventCountry "FRA"]
[SourceTitle "CB16_2024"]
[SourceDate "2024.04.17"]
[SourceVersion "1"]
[SourceVersionDate "2024.04.17"]
[SourceQuality "1"]

1. e4 Nc6 2. Nc3 Nf6 3. f4 d5 4. e5 Ne4 5. d3 Nxc3 6. bxc3 g5 7. Qh5 gxf4 8. Nf3 Be6 9. Ng5 Qd7 10. d4 0-0-0 11. Nxe6 Qxe6 12. Bd3 Kb8 13. Bxf4 f6 14. Bf5 Qg8 15. exf6 e5 16. Bg3 exd4 17. 0-0 Bd6 18. Bh4 Rf8 19. c4 Be5 20. Bd7 Qg6 21. Qf3 Qh6 22. Bg3 Rxf6 23. Qxd5 Rd6 24. Qf7 Bxg3 25. hxg3 Ne5 26. Qe7 Nxd7 27. c5 Nxc5 28. Rae1 a6 29. Rf7 Rd7 30. Qe5 Rxf7 31. Qxh8+ Ka7 32. Qxd4 Qb6 33. Kh2 Rf6 34. Re7 Rh6+ 35. Kg1 Na4 36. Qxb6+ Kxb6 37. g4 Nc3 38. g5 Rg6 39. Rxh7 Rxg5 40. Kf2 Nxa2 0-1

[Event "Cappelle op 40th"]
[Site "Cappelle la Grande"]
[Date "2024.03.06"]
[Round "7"]
[White "Firat, Burak"]
[Black "Dalaud, Dorian"]
[Result "1-0"]
[WhiteElo "2439"]
[BlackElo "2319"]
[PlyCount "65"]
[EventDate "2024.03.02"]
[EventType "swiss"]
[EventRounds "9"]
[EventCountry "FRA"]
[SourceTitle "CB11_2024"]
[SourceDate "2024.03.13"]
[SourceVersion "1"]
[SourceVersionDate "2024.03.13"]
[SourceQuality "1"]

1. e4 e5 2. Nf3 Nc6 3. Bc4 Nf6 4. d3 h6 5. a4 d6 6. a5 a6 7. Nc3 Be6 8. Bxe6 fxe6 9. d4 exd4 10. Nxd4 Qd7 11. 0-0 0-0-0 12. Re1 d5 13. exd5 exd5 14. Nce2 Bc5 15. Nxc6 Qxc6 16. Nd4 Bxd4 17. Qxd4 Rhe8 18. Bf4 Rxe1+ 19. Rxe1 Re8 20. Rxe8+ Qxe8 21. h3 Qe1+ 22. Kh2 Qe4 23. Qe5 Qxc2 24. Qe7 Qc6 25. Qxg7 Kb8 26. Qh8+ Ne8 27. Qxh6 Qd7 28. Qg6 d4 29. h4 d3 30. h5 d2 31. Bxd2 Qxd2 32. Qxe8+ Ka7 33. Qe3+ 1-0

[Event "Rochefort op 22nd"]
[Site "Rochefort"]
[Date "2024.02.20"]
[Round "6"]
[White "Dalaud, Dorian"]
[Black "Roshka, Yevgeniy"]
[Result "1/2-1/2"]
[WhiteElo "2332"]
[BlackElo "2474"]
[PlyCount "102"]
[EventDate "2024.02.17"]
[EventType "swiss"]
[EventRounds "9"]
[EventCountry "FRA"]
[SourceTitle "CB09_2024"]
[SourceDate "2024.02.28"]
[SourceVersion "1"]
[SourceVersionDate "2024.02.28"]
[SourceQuality "1"]

1. e4 g6 2. d4 Bg7 3. Nc3 d6 4. Be3 a6 5. h4 h6 6. h5 g5 7. f4 gxf4 8. Bxf4 Nd7 9. Nf3 c5 10. d5 b5 11. Qd2 Ngf6 12. Qe2 Ng4 13. Nd1 Qa5+ 14. Qd2 Qa4 15. Qe2 Nde5 16. c3 f5 17. Nxe5 Nxe5 18. Nf2 Rf8 19. b3 Qa5 20. Bd2 c4 21. b4 Qa3 22. Qe3 f4 23. Qb6 Nd7 24. Qa5 Qxa5 25. bxa5 Nc5 26. Be2 e6 27. 0-0-0 Na4 28. dxe6 Bxc3 29. Bg4 Ke7 30. Nh3 Bxd2+ 31. Rxd2 Nc5 32. Rf1 Bxe6 33. Nxf4 Kd7 34. Bxe6+ Nxe6 35. g3 Nc5 36. Re1 Kc6 37. e5 dxe5 38. Rxe5 Rae8 39. Rxe8 Rxe8 40. Kc2 Re3 41. Nd5 Rxg3 42. Nb4+ Kb7 43. Rd6 Rg2+ 44. Kc1 Nd3+ 45. Nxd3 cxd3 46. a3 Rc2+ 47. Kd1 Rc6 48. Rd7+ Rc7 49. Rd6 Rc6 50. Rd7+ Rc7 51. Rd6 Rc6 1/2-1/2

[Event "EU-Cup 38th"]
[Site "Durres"]
[Date "2023.10.03"]
[Round "3.2"]
[White "Dalaud, Dorian"]
[Black "Rodshtein, Maxim"]
[Result "1/2-1/2"]
[WhiteElo "2317"]
[BlackElo "2584"]
[PlyCount "89"]
[EventDate "2023.10.01"]
[EventType "team-swiss"]
[EventRounds "7"]
[EventCountry "ALB"]
[SourceTitle "EXT 2024"]
[Source "ChessBase"]
[SourceDate "2023.10.10"]
[SourceVersion "1"]
[SourceVersionDate "2023.10.10"]
[SourceQuality "1"]
[WhiteTeam "Aix en Provence"]
[BlackTeam "Rishon Le Zzion"]
[WhiteTeamCountry "FRA"]
[BlackTeamCountry "ISR"]

1. e4 c5 2. Nf3 d6 3. Bb5+ Nd7 4. d4 cxd4 5. Qxd4 e5 6. Qd3 a6 7. Bxd7+ Qxd7 8. Nc3 Qc6 9. Nd5 Nf6 10. 0-0 Be7 11. Nxe7 Kxe7 12. Bg5 h6 13. Bxf6+ gxf6 14. Nh4 Rg8 15. h3 Be6 16. Rfd1 Rg5 17. Kh2 Rd8 18. Rd2 Qc5 19. Rad1 b5 20. a4 Rd7 21. axb5 axb5 22. Qf3 b4 23. Ra1 Ra7 24. Rdd1 Rd7 25. Ra8 d5 26. exd5 Rxd5 27. Rda1 Qc4 28. R1a7+ Rd7 29. Qe3 Rh5 30. Nf3 Rf5 31. Qxh6 Qf4+ 32. Qxf4 Rxf4 33. c3 Bd5 34. Rxd7+ Kxd7 35. Ra7+ Ke6 36. Ra6+ Kf5 37. Kg3 bxc3 38. bxc3 Bxf3 39. gxf3 Rc4 40. Ra3 Kg5 41. Rb3 f5 42. Kg2 Rc8 43. Kg3 Rc4 44. Kg2 Rc8 45. Kg3 1/2-1/2

[Event "Aix en Provence Dole op 1st"]
[Site "Aix en Provence"]
[Date "2023.08.09"]
[Round "4"]
[White "Dalaud, Dorian"]
[Black "Gatineau, Yovann"]
[Result "1/2-1/2"]
[WhiteElo "2355"]
[BlackElo "2362"]
[PlyCount "345"]
[EventDate "2023.08.07"]
[EventType "swiss"]
[EventRounds "9"]
[EventCountry "FRA"]
[SourceTitle "CBM 215 Extra"]
[Source "ChessBase"]
[SourceDate "2023.09.30"]
[SourceVersion "1"]
[SourceVersionDate "2023.09.30"]
[SourceQuality "1"]

1. e4 c6 2. d4 d5 3. e5 c5 4. dxc5 e6 5. a3 Bxc5 6. Nf3 f6 7. b4 Be7 8. Bb2 a5 9. b5 Nd7 10. c4 Nxe5 11. Nxe5 fxe5 12. Bxe5 Nf6 13. Nd2 0-0 14. Bd3 b6 15. 0-0 Bb7 16. Nf3 Rc8 17. Ng5 dxc4 18. Bxf6 Bxf6 19. Bxh7+ Kh8 20. Qh5 Bxg5 21. Be4+ Bh6 22. Bxb7 Rc5 23. Qh3 c3 24. Be4 Qd4 25. Bc2 Qd2 26. Ra2 Qd5 27. Raa1 Qd2 28. Ra2 Rcf5 29. Bxf5 Qxa2 30. Be4 c2 31. g4 Qc4 32. Bxc2 Qxc2 33. g5 Qg6 34. f4 Kg8 35. Qg3 Bxg5 36. h4 e5 37. Qxg5 Qxg5+ 38. fxg5 Rxf1+ 39. Kxf1 g6 40. Ke2 Kf7 41. Kf3 Ke6 42. Kg4 e4 43. Kf4 Kd5 44. a4 Kd4 45. h5 gxh5 46. g6 e3 47. Kf3 Kd3 48. g7 e2 49. g8Q e1Q 50. Qg6+ Kc4 51. Qxb6 Qd1+ 52. Kg3 Qb3+ 53. Kh4 Qxa4 54. Qc6+ Kb4 55. Qd6+ Kxb5+ 56. Kxh5 Qc4 57. Qb8+ Ka4 58. Kh6 Qc3 59. Qb1 Ka3 60. Kh7 Qh3+ 61. Kg7 Qg2+ 62. Kh6 Qh2+ 63. Kg6 Qd6+ 64. Kh7 Qc7+ 65. Kh6 Qf4+ 66. Kh7 Qf7+ 67. Kh6 Qf6+ 68. Kh7 Qc3 69. Kh6 a4 70. Kh7 Qc7+ 71. Kh6 Qf4+ 72. Kh7 Qh4+ 73. Kg6 Qg4+ 74. Kh6 Qe6+ 75. Kh7 Qh3+ 76. Kg6 Qg2+ 77. Kh6 Qd2+ 78. Kh7 Qh2+ 79. Kg6 Qb2 80. Qd1 Qg2+ 81. Kh6 Qh3+ 82. Kg6 Qe6+ 83. Kh7 Qe4+ 84. Kh6 Qf4+ 85. Kh7 Qh2+ 86. Kg6 Qg3+ 87. Kh7 Qh3+ 88. Kg6 Qb3 89. Qa1+ Kb4 90. Qd4+ Qc4 91. Qb2+ Kc5 92. Kh6 Qe6+ 93. Kh7 Qe4+ 94. Kh6 Qe3+ 95. Kh7 a3 96. Qb7 Qd3+ 97. Kh6 Qd2+ 98. Kh7 Qc2+ 99. Kh6 Qc1+ 100. Kh7 Qc3 101. Qc8+ Kb4 102. Qb7+ Kc4 103. Qe4+ Kb3 104. Qb1+ Ka4 105. Qe4+ Kb3 106. Qb1+ Qb2 107. Qd3+ Ka2 108. Kh6 Qb6+ 109. Kh5 Qc5+ 110. Kh6 Qc6+ 111. Kh5 Qh1+ 112. Kg5 Qc1+ 113. Kh5 Qc5+ 114. Kh6 Kb2 115. Qe2+ Kc1 116. Qe1+ Kc2 117. Qe2+ Kc3 118. Qe1+ Kd3 119. Qd1+ Ke4 120. Qb1+ Kd4 121. Qd1+ Kc4 122. Qc2+ Kb4 123. Qb1+ Ka5 124. Qe1+ Ka6 125. Qf1+ Qb5 126. Qc1 Qb6+ 127. Kh7 Qa7+ 128. Kh8 Qb8+ 129. Kh7 Qb7+ 130. Kh6 Qb6+ 131. Kh7 Qa7+ 132. Kh8 Qd4+ 133. Kh7 Qd3+ 134. Kh6 a2 135. Qc6+ Ka5 136. Qc5+ Ka4 137. Qa7+ Kb3 138. Qb6+ Kc2 139. Qc6+ Kb2 140. Qb6+ Kc1 141. Qg1+ Kc2 142. Qc5+ Qc3 143. Qf5+ Kc1 144. Qf1+ Kb2 145. Qe2+ Kb1 146. Qb5+ Kc1 147. Qf1+ Kc2 148. Qf5+ Kb2 149. Qb5+ Qb3 150. Qe5+ Kc2 151. Qe2+ Kc3 152. Qe3+ Kc4 153. Qe6+ Kb4 154. Qb6+ Ka4 155. Qa6+ Kb4 156. Qb6+ Ka3 157. Qa5+ Qa4 158. Qc3+ Qb3 159. Qa5+ Kb2 160. Qe5+ Qc3 161. Qe2+ Ka3 162. Qa6+ Kb3 163. Qb5+ Qb4 164. Qd3+ Kb2 165. Qe2+ Ka3 166. Qd3+ Ka4 167. Qa6+ Qa5 168. Qc4+ Ka3 169. Qd3+ Kb4 170. Qd2+ Kb5 171. Qd5+ Ka6 172. Qa8+ Kb6 173. Qd8+ 1/2-1/2

[Event "Aix en Provence Dole op 1st"]
[Site "Aix en Provence"]
[Date "2023.08.09"]
[Round "3"]
[White "Wirig, Anthony"]
[Black "Dalaud, Dorian"]
[Result "1/2-1/2"]
[WhiteElo "2499"]
[BlackElo "2355"]
[PlyCount "116"]
[EventDate "2023.08.07"]
[EventType "swiss"]
[EventRounds "9"]
[EventCountry "FRA"]
[SourceTitle "CBM 215 Extra"]
[Source "ChessBase"]
[SourceDate "2023.09.30"]
[SourceVersion "1"]
[SourceVersionDate "2023.09.30"]
[SourceQuality "1"]

1. d4 Nf6 2. c4 g6 3. g3 c5 4. Nf3 Bg7 5. Bg2 0-0 6. Nc3 d5 7. dxc5 Qa5 8. cxd5 Nxd5 9. Qxd5 Bxc3+ 10. Bd2 Rd8 11. Bxc3 Qxc3+ 12. bxc3 Rxd5 13. Rb1 Rxc5 14. Nd4 Nc6 15. Kd2 Na5 16. Rhc1 e5 17. Nb3 Nxb3+ 18. axb3 Be6 19. Bxb7 Rd8+ 20. Ke3 Rb5 21. Ba6 Rb6 22. Bc4 Bxc4 23. bxc4 Rc6 24. Rb5 f6 25. Rd5 Rdc8 26. Rcd1 Rxc4 27. Rd8+ Rxd8 28. Rxd8+ Kf7 29. Rd7+ Ke6 30. Rxa7 Rxc3+ 31. Kd2 Rb3 32. Rxh7 Rb2+ 33. Kd1 Rb1+ 34. Kc2 Rb8 35. h4 Rd8 36. Ra7 Kf5 37. Ra6 g5 38. hxg5 Kxg5 39. Rc6 f5 40. f3 Rd5 41. Rc8 e4 42. Rg8+ Kf6 43. fxe4 fxe4 44. Kc3 Kf5 45. Re8 Rd7 46. Rf8+ Ke5 47. g4 e3 48. g5 Ke4 49. g6 Rc7+ 50. Kb3 Rg7 51. Rf6 Ke5 52. Rc6 Kf5 53. Kc3 Rxg6 54. Rxg6 Kxg6 55. Kd4 Kf5 56. Kd3 Kf4 57. Kd4 Kf5 58. Kxe3 Ke5 1/2-1/2

[Event "FRA Cup"]
[Site "La Roche sur Yon"]
[Date "2023.07.02"]
[Round "2.1"]
[White "Degraeve, Jean Marc"]
[Black "Dalaud, Dorian"]
[Result "1-0"]
[WhiteElo "2466"]
[BlackElo "2316"]
[PlyCount "77"]
[EventDate "2023.07.01"]
[EventType "team-k.o."]
[EventRounds "2"]
[EventCountry "FRA"]
[SourceTitle "CBM 215 Extra"]
[Source "ChessBase"]
[SourceDate "2023.09.30"]
[SourceVersion "1"]
[SourceVersionDate "2023.09.30"]
[SourceQuality "1"]
[WhiteTeam "Asnieres"]
[BlackTeam "Aix En Provence"]
[WhiteTeamCountry "FRA"]
[BlackTeamCountry "FRA"]

1. e4 c5 2. Nf3 Nc6 3. c3 Nf6 4. e5 Nd5 5. d4 cxd4 6. cxd4 d6 7. Bc4 dxe5 8. dxe5 Be6 9. Qe2 g6 10. 0-0 Qc7 11. Bd2 Bg7 12. Rc1 0-0 13. Nc3 Rad8 14. Nxd5 Bxd5 15. Bxd5 Rxd5 16. Bc3 Rfd8 17. a4 Qd7 18. Re1 Qf5 19. h3 h6 20. e6 f6 21. Nh4 Qg5 22. Nf3 Qf5 23. Nh4 Qg5 24. Nf3 Qf4 25. g3 Qd6 26. Qc2 Rd3 27. Nh4 g5 28. Nf5 Qd5 29. g4 Rxh3 30. Qe4 Qxe4 31. Rxe4 Rhd3 32. Kg2 Rd1 33. Rxd1 Rxd1 34. b4 Bf8 35. b5 Rc1 36. Bxf6 exf6 37. bxc6 Rxc6 38. e7 Bxe7 39. Nxe7+ 1-0

[Event "Munich Pfingst op-A 1st"]
[Site "Munich"]
[Date "2023.06.06"]
[Round "9"]
[White "Dalaud, Dorian"]
[Black "Nitin, Senthilvel"]
[Result "0-1"]
[WhiteElo "2292"]
[BlackElo "2389"]
[PlyCount "80"]
[EventDate "2023.05.31"]
[EventType "swiss"]
[EventRounds "9"]
[EventCountry "GER"]
[SourceTitle "EXT 2024"]
[Source "ChessBase"]
[SourceDate "2023.10.10"]
[SourceVersion "1"]
[SourceVersionDate "2023.10.10"]
[SourceQuality "1"]

1. e4 c5 2. Nc3 a6 3. d4 cxd4 4. Qxd4 Nc6 5. Qe3 e6 6. Qg3 d6 7. Bd3 h5 8. f4 h4 9. Qf3 Nf6 10. Nge2 Be7 11. Be3 Bd7 12. 0-0 g5 13. Nd4 gxf4 14. Nxc6 Bxc6 15. Qxf4 Qa5 16. Qf2 h3 17. g3 Qh5 18. Bd4 Ng4 19. Be2 Nxf2 20. Bxh5 Rxh5 21. Rxf2 b5 22. Raf1 b4 23. Ne2 e5 24. Be3 Rh7 25. c3 a5 26. Bd2 Rb8 27. cxb4 axb4 28. Rc1 Bxe4 29. Rc4 d5 30. Rc7 Bd8 31. Rc6 Bb6 32. Kf1 Bxf2 33. Kxf2 Kd7 34. Rf6 Rg7 35. Ke3 Bg2 36. Be1 d4+ 37. Kd2 Bd5 38. Kd3 Rg6 39. Rf2 Bxa2 40. Nc1 Bd5 0-1

[Event "Angers op 16th"]
[Site "Angers"]
[Date "2023.05.21"]
[Round "6"]
[White "Le Goff, Damien"]
[Black "Dalaud, Dorian"]
[Result "1/2-1/2"]
[WhiteElo "2256"]
[BlackElo "2292"]
[PlyCount "44"]
[EventDate "2023.05.19"]
[EventType "swiss"]
[EventRounds "6"]
[EventCountry "FRA"]
[SourceTitle "CBM 214 Extra"]
[Source "ChessBase"]
[SourceDate "2023.07.31"]
[SourceVersion "1"]
[SourceVersionDate "2023.07.31"]
[SourceQuality "1"]

1. d4 Nf6 2. c4 g6 3. Nc3 Bg7 4. Nf3 0-0 5. Bg5 c5 6. d5 d6 7. e3 h6 8. Bh4 e6 9. Nd2 exd5 10. cxd5 a6 11. a4 Re8 12. Be2 Nbd7 13. 0-0 Rb8 14. a5 Qc7 15. Qc2 Ne5 16. h3 b5 17. axb6 Rxb6 18. f4 Ned7 19. e4 Rb4 20. Bxa6 Qb6 21. Nc4 Qb8 22. Bb5 Nh5 1/2-1/2

[Event "Angers op 16th"]
[Site "Angers"]
[Date "2023.05.20"]
[Round "4"]
[White "Dalaud, Dorian"]
[Black "Bailet, Pierre"]
[Result "1-0"]
[WhiteElo "2292"]
[BlackElo "2515"]
[PlyCount "57"]
[EventDate "2023.05.19"]
[EventType "swiss"]
[EventRounds "6"]
[EventCountry "FRA"]
[SourceTitle "CBM 214 Extra"]
[Source "ChessBase"]
[SourceDate "2023.07.31"]
[SourceVersion "1"]
[SourceVersionDate "2023.07.31"]
[SourceQuality "1"]

1. e4 e5 2. Nf3 Nc6 3. Bb5 a6 4. Ba4 Nf6 5. d3 d6 6. c4 g6 7. Nc3 Bg7 8. Nd5 h6 9. Nb4 Bd7 10. Nxc6 bxc6 11. c5 0-0 12. 0-0 Qe7 13. Re1 Rab8 14. h3 Nh5 15. d4 Rfd8 16. cxd6 cxd6 17. Bb3 c5 18. dxe5 dxe5 19. Qe2 Nf4 20. Bxf4 exf4 21. e5 Bf5 22. Qc4 Rb4 23. Qxa6 c4 24. Bxc4 Bc8 25. Qa3 Bb7 26. e6 Bxb2 27. exf7+ Kf8 28. Qa5 Qd6 29. Rad1 1-0

[Event "Asturias-ch"]
[Site "Oviedo"]
[Date "2023.04.08"]
[Round "8"]
[White "Llaneza Vega, Marcos"]
[Black "Dalaud, Dorian"]
[Result "1-0"]
[WhiteElo "2397"]
[BlackElo "2318"]
[PlyCount "77"]
[EventDate "2023.04.03"]
[EventType "tourn"]
[EventRounds "9"]
[EventCountry "ESP"]
[EventCategory "3"]
[SourceTitle "EXT 2024"]
[Source "ChessBase"]
[SourceDate "2023.10.10"]
[SourceVersion "1"]
[SourceVersionDate "2023.10.10"]
[SourceQuality "1"]

1. e4 c5 2. Nc3 Nc6 3. Nf3 g6 4. d4 cxd4 5. Nxd4 Bg7 6. Nde2 Nf6 7. g3 0-0 8. Bg2 d6 9. 0-0 Bd7 10. h3 a6 11. a4 Rc8 12. Be3 Ne5 13. b3 Qa5 14. Nd5 Nxd5 15. exd5 f5 16. Bd4 Qc7 17. c4 b5 18. cxb5 axb5 19. a5 Ra8 20. f4 Nf7 21. Bxg7 Kxg7 22. Qd4+ Kg8 23. Rfc1 Qb7 24. b4 Rfc8 25. Rxc8+ Rxc8 26. a6 Qa8 27. Qb6 Nd8 28. Nd4 Rc3 29. Kh2 Rd3 30. a7 Rd2 31. Qb8 Rxg2+ 32. Kxg2 Qxd5+ 33. Kh2 Bc6 34. Nxc6 Qd2+ 35. Kh1 Qd5+ 36. Kg1 Qf3 37. Qxd8+ Kg7 38. Qxe7+ Kh6 39. Qe1 1-0

[Event "Asturias-ch"]
[Site "Oviedo"]
[Date "2023.04.07"]
[Round "7"]
[White "Vergara Anton, Diego"]
[Black "Dalaud, Dorian"]
[Result "1/2-1/2"]
[WhiteElo "2306"]
[BlackElo "2318"]
[PlyCount "100"]
[EventDate "2023.04.03"]
[EventType "tourn"]
[EventRounds "9"]
[EventCountry "ESP"]
[EventCategory "3"]
[SourceTitle "EXT 2024"]
[Source "ChessBase"]
[SourceDate "2023.10.10"]
[SourceVersion "1"]
[SourceVersionDate "2023.10.10"]
[SourceQuality "1"]

1. d4 g6 2. Nf3 Bg7 3. g3 c5 4. dxc5 Qa5+ 5. Nfd2 Qxc5 6. Bg2 Nf6 7. Nc3 0-0 8. Nb3 Qc4 9. Bg5 Nc6 10. Qd2 a5 11. a4 Nb4 12. 0-0 h6 13. Be3 Ra6 14. h3 Rd6 15. Qc1 Nfd5 16. Nxd5 Nxd5 17. Bc5 Re6 18. Ba3 Nb6 19. e3 Nxa4 20. Nxa5 Qc7 21. Nb3 Ra6 22. Nd4 d6 23. b3 Nc3 24. Qd2 e5 25. Nf3 Bf5 26. Bb2 Rc6 27. Nh4 Ne4 28. Qb4 Rxc2 29. Rac1 Qc5 30. Qxc5 Nxc5 31. Nxf5 Rxb2 32. Nxd6 b6 33. Bd5 Bf6 34. e4 Kg7 35. Rb1 Rxb1 36. Rxb1 Rd8 37. Nc4 b5 38. Na3 b4 39. Nc2 Nd3 40. Rd1 Nc5 41. Ra1 Be7 42. Ra5 Rd7 43. Rb5 Nd3 44. Bc4 Nxf2 45. Kxf2 Rd2+ 46. Kf3 Rxc2 47. Rb7 Kf6 48. Rb6+ Kg7 49. Rb7 Kf6 50. Rb6+ Kg7 1/2-1/2

[Event "Asturias-ch"]
[Site "Oviedo"]
[Date "2023.04.03"]
[Round "1"]
[White "Prado Lobo, Jonas"]
[Black "Dalaud, Dorian"]
[Result "1/2-1/2"]
[WhiteElo "2322"]
[BlackElo "2318"]
[PlyCount "23"]
[EventDate "2023.04.03"]
[EventType "tourn"]
[EventRounds "9"]
[EventCountry "ESP"]
[EventCategory "3"]
[SourceTitle "EXT 2024"]
[Source "ChessBase"]
[SourceDate "2023.10.10"]
[SourceVersion "1"]
[SourceVersionDate "2023.10.10"]
[SourceQuality "1"]

1. d4 Nf6 2. Nf3 g6 3. g3 Bg7 4. Bg2 c5 5. 0-0 cxd4 6. Nxd4 d5 7. c4 0-0 8. cxd5 Nxd5 9. Nb5 Be6 10. Nd4 Bc8 11. Nb5 Be6 12. Nd4 1/2-1/2

[Event "Sitges Sunway op 9th"]
[Site "Sitges"]
[Date "2022.12.19"]
[Round "7"]
[White "Velten, Paul"]
[Black "Dalaud, Dorian"]
[Result "0-1"]
[WhiteElo "2465"]
[BlackElo "2342"]
[PlyCount "104"]
[EventDate "2022.12.12"]
[EventType "swiss"]
[EventRounds "10"]
[EventCountry "ESP"]
[SourceTitle "CBM 211 Extra"]
[Source "ChessBase"]
[SourceDate "2023.01.31"]
[SourceVersion "1"]
[SourceVersionDate "2023.01.31"]
[SourceQuality "1"]

1. d4 Nf6 2. c4 g6 3. Nc3 Bg7 4. e4 d6 5. Be2 0-0 6. Nf3 e5 7. 0-0 exd4 8. Nxd4 Re8 9. f3 c6 10. Kh1 Nbd7 11. Nb3 a5 12. a4 Qb6 13. Bf4 Ne5 14. Bg3 Be6 15. Bf2 Qd8 16. c5 d5 17. f4 Neg4 18. f5 gxf5 19. exf5 Nxf2+ 20. Rxf2 Bd7 21. Bd3 Re3 22. h3 Qc7 23. Rf3 Rae8 24. Bc2 Bc8 25. Rxe3 Rxe3 26. Qg1 Qg3 27. Nd2 Ng4 28. hxg4 Qh4+ 29. Qh2 Re1+ 30. Rxe1 Qxe1+ 31. Qg1 Qxd2 32. Qd1 Qh6+ 33. Kg1 Qe3+ 34. Kf1 b6 35. Qd3 Qc1+ 36. Nd1 Qf4+ 37. Ke1 bxc5 38. Qe2 Qg3+ 39. Kf1 Qf4+ 40. Ke1 Qg3+ 41. Kf1 Kf8 42. b3 Bd4 43. Bd3 c4 44. bxc4 Ba6 45. Qf3 Qxf3+ 46. gxf3 Bxc4 47. Bxc4 dxc4 48. Ke2 Ke7 49. Ne3 Bxe3 50. Kxe3 Kd6 51. f4 Kd5 52. g5 c3 0-1

[Event "Avoine op 36th"]
[Site "Avoine"]
[Date "2022.07.26"]
[Round "4"]
[White "Eugene, Floryan"]
[Black "Dalaud, Dorian"]
[Result "0-1"]
[WhiteElo "2393"]
[BlackElo "2248"]
[PlyCount "162"]
[EventDate "2022.07.23"]
[EventType "swiss"]
[EventRounds "9"]
[EventCountry "FRA"]
[SourceTitle "CBM 209 Extra"]
[Source "ChessBase"]
[SourceDate "2022.09.30"]
[SourceVersion "1"]
[SourceVersionDate "2022.09.30"]
[SourceQuality "1"]

1. d4 Nf6 2. Nf3 g6 3. c4 Bg7 4. e3 0-0 5. Be2 c5 6. d5 d6 7. Nc3 e6 8. 0-0 Re8 9. Nd2 Na6 10. Re1 Nc7 11. e4 Rb8 12. a4 Na6 13. dxe6 Rxe6 14. Bf1 Nb4 15. Nf3 h6 16. e5 Ng4 17. Bf4 Bd7 18. Ne4 dxe5 19. Nxc5 exf4 20. Qxd7 Qxd7 21. Nxd7 Rxe1 22. Rxe1 Rd8 23. Rd1 Bxb2 24. Rd6 Kg7 25. c5 Nc6 26. Bb5 Nf6 27. Bxc6 bxc6 28. Nde5 Re8 29. Nd3 Ba3 30. Kf1 Ne4 31. Rxc6 Rd8 32. Nfe5 Rd5 33. Rc7 Nxc5 34. Ke2 Nxd3 35. Nxd3 Ra5 36. Rc4 g5 37. h4 Kg6 38. Kf3 Be7 39. Rc6+ f6 40. Nb2 Re5 41. hxg5 hxg5 42. Nd3 Ra5 43. Rc4 Kf5 44. Ke2 Ra6 45. g3 Re6+ 46. Kf1 fxg3 47. fxg3 Re4 48. Rc7 a5 49. Nf2 Re3 50. g4+ Ke6 51. Rc6+ Ke5 52. Rb6 Bc5 53. Rb5 Kd6 54. Nd1 Re4 55. Rxa5 Rxg4 56. Ra8 f5 57. a5 Ra4 58. a6 Bd4 59. Ke2 Ra3 60. Nb2 Ra2 61. Kd3 Bxb2 62. a7 Kc7 63. Rb8 Rxa7 64. Rxb2 Kd6 65. Rb5 Ke6 66. Kd4 Rd7+ 67. Ke3 Rd5 68. Rb8 Ra5 69. Kd4 Kf6 70. Rb6+ Kg7 71. Rc6 Ra3 72. Ke5 Rf3 73. Rc7+ Kg6 74. Rc6+ Kh5 75. Kf6 g4 76. Rc8 Kh4 77. Rh8+ Kg3 78. Kg5 Kf2 79. Ra8 g3 80. Ra2+ Kg1 81. Ra1+ Kh2 0-1

[Event "FRA-ch U20"]
[Site "Agen"]
[Date "2022.04.20"]
[Round "5"]
[White "Gatineau, Yovann"]
[Black "Dalaud, Dorian"]
[Result "1-0"]
[WhiteElo "2352"]
[BlackElo "2296"]
[PlyCount "105"]
[EventDate "2022.04.16"]
[EventType "swiss"]
[EventRounds "9"]
[EventCountry "FRA"]
[SourceTitle "EXT 2023"]
[Source "ChessBase"]
[SourceDate "2022.10.05"]
[SourceVersion "1"]
[SourceVersionDate "2022.10.05"]
[SourceQuality "1"]

1. e4 c5 2. Nf3 Nc6 3. Bb5 g6 4. Bxc6 dxc6 5. d3 Bg7 6. h3 Nf6 7. Nc3 Nd7 8. Be3 e5 9. Qd2 h6 10. 0-0 b6 11. Nh2 Nf8 12. f4 exf4 13. Bxf4 Ne6 14. Be3 g5 15. Rae1 0-0 16. h4 f6 17. Ne2 Qd6 18. Rf3 Qe5 19. b3 Nd4 20. Bxd4 cxd4 21. Ng3 g4 22. Rf4 h5 23. Nf5 Bd7 24. Nf1 Be8 25. N1g3 Bg6 26. Ref1 c5 27. R4f2 Rae8 28. Qc1 Kh7 29. a3 Qc7 30. Rf4 Re5 31. R1f2 Rf7 32. Qf1 Bf8 33. a4 a5 34. Qc1 Re6 35. Qd1 Re5 36. Rf1 Kg8 37. Qd2 Re6 38. Qe1 Kh7 39. Qf2 Kg8 40. Qd2 Kh7 41. Qe2 Re5 42. Qf2 Re6 43. Ne2 Kg8 44. Kh1 Re5 45. Qg3 Re6 46. Rxg4 hxg4 47. Qxg4 Kh7 48. Nf4 Re5 49. Nxg6 Rg7 50. Nxf8+ Kg8 51. Qxg7+ Qxg7 52. Nxg7 Kxg7 53. Nd7 1-0

[Event "EU-ch 22nd"]
[Site "Terme Catez"]
[Date "2022.04.06"]
[Round "11"]
[White "Kosakowski, Jakub"]
[Black "Dalaud, Dorian"]
[Result "1/2-1/2"]
[WhiteElo "2452"]
[BlackElo "2293"]
[PlyCount "94"]
[EventDate "2022.03.27"]
[EventType "swiss"]
[EventRounds "11"]
[EventCountry "SLO"]
[SourceTitle "CBM 208"]
[Source "ChessBase"]
[SourceDate "2022.06.30"]
[SourceVersion "1"]
[SourceVersionDate "2022.06.30"]
[SourceQuality "1"]

1. Nf3 Nf6 2. b3 g6 3. Bb2 Bg7 4. e3 c5 5. d4 cxd4 6. Nxd4 0-0 7. c4 d5 8. Nd2 e5 9. N4f3 d4 10. c5 dxe3 11. fxe3 e4 12. Nd4 Ng4 13. Nc4 Qg5 14. Qd2 Nxh2 15. Rxh2 Qg3+ 16. Qf2 Qxh2 17. Nd6 Be6 18. Nxe4 Qe5 19. Bd3 Bf5 20. Qh4 Bxe4 21. Bxe4 Qxc5 22. Ke2 Nc6 23. Nxc6 bxc6 24. Rh1 h5 25. Rc1 Qb5+ 26. Bd3 Qd5 27. Be4 Qb5+ 28. Bd3 Qd5 29. Be4 Qd8 30. Qxd8 Rfxd8 31. Ba3 Rac8 32. Bxc6 Bf8 33. Bxf8 Kxf8 34. b4 Rd6 35. b5 Ke7 36. a4 Kd8 37. e4 f6 38. Ke3 Rcxc6 39. Rxc6 Rxc6 40. bxc6 Kc7 41. e5 fxe5 42. Ke4 Kxc6 43. Kxe5 a5 44. Kf6 Kc5 45. Kxg6 Kb4 46. Kxh5 Kxa4 47. g4 Kb5 1/2-1/2